000 01250cam a2200313 a 4500
001 11787744
003 ARRUPE
005 20161114094319.0
008 990913s1999 nhuab b 101 0 eng
010 _a 99048111
020 _a0325002215 (alk. paper)
020 _a0325002207 (pbk. : alk. paper)
040 _aDLC
_cDLC
_dDLC
043 _af------
050 0 0 _aHT148.A2
_bA38 1999
082 0 0 _a307.76/096
_221
245 0 0 _aAfrica's urban past /
_cedited by David M. Anderson and Richard Rathbone.
260 _aPortsmouth, NH :
_bHeinemann,
_c2000.
300 _ax, 310 p. :
_bill., maps ;
_c25 cm.
500 _aPapers presented at a conference held June 1996, School of Oriental and African Studies, University of London.
504 _aIncludes bibliographical references and index.
650 0 _aCities and towns
_zAfrica
_xHistory
_vCongresses.
_927400
650 0 _aUrbanization
_zAfrica
_xHistory
_927433
700 1 _aAnderson, David,
_d1957-
_927401
700 1 _aRathbone, Richard.
_927402
906 _a7
_bcbc
_corignew
_d1
_eocip
_f19
_gy-gencatlg
942 _2lcc
_cMONOGRAPH
999 _c125711
_d125711